Statistiche per Paesi nominati nella pagina Wikipedia dei Paesi Bassi

Clicka qui per fare il quiz!

Statistiche generali

  • Questo quiz è stato fatto 27 volte
  • Il punteggio medio è 18 su 23

Statistiche sulle risposte

Volte in cui viene nominatoIndizio (basato sul motivo per cui lo stato è nominato nella pagina Wikipedia)Paese% Corretto
9Paese confinanteBelgio
100%
4Paese che invase i Paesi Bassi nel 1795Francia
100%
6Paese confinanteGermania
100%
1I Paese Bassi sono il secondo esportatore di prodotti alimentari, dopo questo paeseStati Uniti
95%
1Paese che nel 1942 invase le colonie olandesi in AsiaGiappone
91%
3La nazionale olandese di pallavolo ha conquistato l'oro olimpico ad Atlanta nel 1996, sconfiggendo questo paese in finaleItalia
91%
1Paese d'origine di numerosi immigrati residenti nei Paesi BassiRegno Unito
91%
3Paese da cui i Paesi Bassi ottennero l'indipendenzaSpagna
91%
1Paese d'origine di numerosi immigrati residenti nei Paesi BassiCina
86%
3Paese colonizzato dagli olandesiIndonesia
86%
1Paese verso cui sono emigrati numerosi ebrei olandesi dopo la Seconda Guerra MondialeIsraele
82%
2Paese che fu in unione personale coi Paesi Bassi fino al 1890Lussemburgo
82%
1Paese d'origine di numerosi immigrati residenti nei Paesi BassiPolonia
82%
1I Paese Bassi hanno la seconda più alta percentuale di immigrati in Europa, dopo questo paeseSvizzera
77%
2Paese d'origine di numerosi immigrati residenti nei Paesi BassiTurchia
77%
2Paese in parte colonizzato dagli olandesi prima della conquista ingleseIndia
73%
2Paese in cui sono state schierate truppe olandesi in missione di paceIraq
73%
2Paese in cui sono state schierate truppe olandesi in missione di paceAfghanistan
68%
2Paese d'origine di numerosi immigrati residenti nei Paesi BassiMarocco
64%
1Paese d'origine di numerosi immigrati residenti nei Paesi BassiSiria
50%
3Paese colonizzato dagli olandesiSuriname
36%
1Paese in cui sono state schierate truppe olandesi in missione di paceBosnia Erzegovina
32%
1Nel 2011 i Paesi Bassi vinsero il campionato mondiale di Baseball, organizzato in questo paesePanama
27%

Distribuzione punteggi

Percentile per numero di risposta

Percentuale di utenti per punteggio

I tuoi punteggi nel tempo

Non hai fatto questo quiz